Brazil Cities - Sudden Death - Statistics

General Stats
  • This quiz has been taken 1,458 times
    1,425 since last reset
  • The average score is 8 of 15
Answers on the Grid
Answers color-coded by a green-red scale on the quiz's grid according to % correct below.
Kigali
Porto Alegre
Santa Clara
Malé
Recife
Konya
Guayaquil
Santos
Surat
Maceio
Belem
Zaragoza
Sorocaba
Belo Horizonte
Manaus
Teresina
Goiania
Volos
Rio de Janeiro
San Salvador
Arequipa
Santo Andre
Antananarivo
Fortaleza
Funchal
Trikala
Diadema
Jaboatao
 
Answer Stats
Answer % Correct
Porto Alegre
80%
Rio de Janeiro
79%
Belo Horizonte
69%
Recife
68%
Manaus
58%
Belem
57%
Fortaleza
56%
Santos
54%
Goiania
43%
Maceio
41%
Santo Andre
34%
Jaboatao
32%
Sorocaba
32%
Teresina
31%
Diadema
19%
No matching quizzes found
Score Distribution
Percent of People with Each Score
Percentile by Number Answered
Your Score History
You have not taken this quiz since the last reset